000 00255nam a22001217a 4500
008 170601b xxu||||| |||| 00| 0 eng d
041 _aeng
080 _a93
100 _a17
101 _aSHH
245 _aNAVY&EMPIRE
_cSTOKESBURY, J.L
942 _2udc
_cBK
999 _c15446
_d15446